| 000 | 00317nam a2200121 a 4500 | ||
|---|---|---|---|
| 001 | 000039781 | ||
| 005 | 20201002033729.0 | ||
| 008 | 130719s2012 dr ac 000 0 spa d | ||
| 040 |
_aDO-SdBNP _bspa _cBNPHU |
||
| 245 | 0 | 3 | _aUn país para la niñez. |
| 260 |
_aSanto Domingo : _bUNICEF, _c2012. |
||
| 300 |
_a24 p. ; _c19 cm. |
||
| 999 |
_c39271 _d39271 |
||